Simposio sobre plantas medicinales y aromáticas, una alternativa de diversificación de cultivos en las regiones andina y agroindustriales de Colombia (Registro nro. 3627)

Detalles MARC
000 -CABECERA
Campo de control 00843nam a2200217 a 4500
005 - FECHA Y HORA DE LA ULTIMA TRANSACCION
Campo de control 20160210143900.0
008 - ELEMENTOS DE LONGITUD FIJA—INFORMACION GENERAL
Campo de control 140312t2003 ck a gr|||| 00| 0 spa d
040 ## - FUENTE DE CATALOGACIÓN
Agencia catalogadora original CO-BoIAVH
Agencia transcriptora CO-BoIAVH
041 ## - IDIOMA
Código de idioma para texto/pista de sonido o título separado Español
044 ## - PAÍS DE PUBLICACIÓN
País de publicación Colombia
082 04 - NUMERO DE CLASIFICACION DECIMAL DEWEY
Número de clasificación 581.634
Número del ítem S61s
245 ## - MENCION DE TITULO
Título Simposio sobre plantas medicinales y aromáticas, una alternativa de diversificación de cultivos en las regiones andina y agroindustriales de Colombia
Parte restante del título curso nacional para el conocimiento de las plantas medicinales y aromáticas
260 ## - PUBLICACION, DISTRIBUCION, ETC. (PIE DE IMPRENTA)
Lugar de publicación, distribución, etc. Medellín
Nombre del editor, distribuidor, etc. Herbario Universidad de Antioquia
Fecha de publicación, distribución, etc. 2003
300 ## - DESCRIPCION FISICA
Extensión 2 vol.
Dimensiones 23 x 156 cm.
650 04 - ASIENTO SECUNDARIO DE MATERIA - TERMINO TEMATICO
Término temático o nombre geográfico como elemento de entrada Plantas medicinales inmunoduladoras
9 (RLIN) 58627
650 04 - ASIENTO SECUNDARIO DE MATERIA - TERMINO TEMATICO
Término temático o nombre geográfico como elemento de entrada Bionegocios
9 (RLIN) 58628
650 04 - ASIENTO SECUNDARIO DE MATERIA - TERMINO TEMATICO
Término temático o nombre geográfico como elemento de entrada Desarrollo sostenible
Subdivisión geográfica Peru
9 (RLIN) 58629
700 1# - ASIENTO SECUNDARIO - NOMBRE PERSONAL
Nombre personal Fonnegra Gómez, Ramiro
9 (RLIN) 20518
942 ## - ELEMENTOS ADICIONALES (KOHA)
Tipo de ítem Libro
Sistema de clasificación Dewey Decimal Classification
Koha issues (borrowed), all copies 1
945 ## - PROCESAMIENTO LOCAL
AAAA-MM-DD - Fecha de ingreso o modificacion 2004-01-28
Existencias
Withdrawn status Lost status Sistema de Clasificación Damaged status No para préstamo Colección Inventariado Ubicación Permanente Ubicación actual Fecha de adquisición Fuente de Valor Valor Total Checkouts Número topográfico Inventario / Código de Barras Date last seen Date checked out Ejemplar Price effective from Forma de adquisición Tipo de material
    Dewey Decimal Classification     General Inventariado 2017 Bogotá Bogotá 28/01/2004 Instituto 15000.00   LB-581.634 S61s 015333 04/12/2012   V. 2 Ej. 1 04/12/2012   Libro
    Dewey Decimal Classification     General Inventariado 2017 Bogotá Bogotá 25/11/2005 Instituto 15000.00   LB-581.634 S61s 022416 04/12/2012   V. 1 Ej. 1 04/12/2012   Libro
    Dewey Decimal Classification     General Inventariado 2017 Sala Fabio Quevedo Sala Fabio Quevedo 28/01/2004 Instituto 15000.00 1 LB-581.634 S61s 015334 23/01/2015 22/01/2015 V. 1 Ej. 2 04/12/2012 Donación Libro